Design and control of concrete mixtures. (Record no. 545222)

000 -LEADER
fixed length control field 00481mam a2200169 4500
082 ## - DEWEY DECIMAL CLASSIFICATION NUMBER
Classification number 620.136
Author Mark DES
245 00 - TITLE STATEMENT
Title Design and control of concrete mixtures.
250 ## - EDITION STATEMENT
Edition statement 11th ed.
260 ## - PUBLICATION, DISTRIBUTION, ETC.
Place of publication, distribution, etc. USA
Name of publisher, distributor, etc. Portland Cement Association,
Date of publication, distribution, etc. 1968
300 ## - PHYSICAL DESCRIPTION
Extent 121 p. :
Other physical details illus. ;
Dimensions 27 cm.
526 ## - STUDY PROGRAM INFORMATION NOTE
Program name 0
Interest level 0
Reading level 0
Title point value 620_136000000000000_DES
650 #0 - SUBJECT ADDED ENTRY--TOPICAL TERM
Topical term or geographic name entry element Concrete.
650 #0 - SUBJECT ADDED ENTRY--TOPICAL TERM
Topical term or geographic name entry element MCE
9 (RLIN) 379
650 #0 - SUBJECT ADDED ENTRY--TOPICAL TERM
Topical term or geographic name entry element Portland cement.
9 (RLIN) 812
710 2# - ADDED ENTRY--CORPORATE NAME
Corporate name or jurisdiction name as entry element Portland Cement Association.
9 (RLIN) 20051
942 ## - ADDED ENTRY ELEMENTS (KOHA)
Source of classification or shelving scheme
Koha item type Book
Holdings
Withdrawn status Lost status Source of classification or shelving scheme Damaged status Not for loan Permanent Location Current Location Date acquired Total Checkouts Full call number Barcode Date last seen Price effective from Koha item type
          Military College of Engineering (MCE) Military College of Engineering (MCE) 05/20/2014   620.136 DES MCE-42520 05/20/2014 05/20/2014 Book
© 2023 Central Library, National University of Sciences and Technology. All Rights Reserved.